IoT liaheň ovládaná pomocou webovej aplikácie
Gespeichert in:
| 1. Verfasser: | |
|---|---|
| Weitere Verfasser: | |
| Format: | Manuskript Buch |
| Sprache: | Slowakisch |
| Veröffentlicht: |
Bratislava :
STU v Bratislave FEI,
2022
|
| Schlagworte: | |
| Online-Zugang: | https://opac.crzp.sk/?fn=detailBiblioFormChildGN7VV&sid=7E432E204D1F6C32995D8D3802D8&seo=CRZP-detail-kniha |
| Tags: |
Keine Tags, Fügen Sie das erste Tag hinzu!
|
MARC
| LEADER | 00000ntm a22000003a 4500 | ||
|---|---|---|---|
| 001 | stuzp85914 | ||
| 003 | SK-STU | ||
| 005 | 20230117135645.6 | ||
| 007 | ta | ||
| 008 | 150427s2015----xo-----f-mn---000-0-slo-d | ||
| 040 | |a STU |b slo | ||
| 041 | 0 | |a slo | |
| 044 | |a xo | ||
| 100 | 1 | |a Zvarová, Katarína |u 030400 |4 aut |U FEI Fakulta elektrotechniky a informatiky |T FEI Ústav automobilovej mechatroniky |X 80136 |U E400 |Y 642 |7 80136 | |
| 242 | 0 | 1 | |a IoT hatchery controlled by web application |y eng |
| 245 | 1 | 0 | |a IoT liaheň ovládaná pomocou webovej aplikácie |
| 260 | |a Bratislava : |b STU v Bratislave FEI, |c 2022 | ||
| 300 | |a 67 s., príl. | ||
| 650 | 4 | |a liahnutie |2 slo | |
| 650 | 4 | |a liaheň |2 slo | |
| 650 | 4 | |a IoT riešenie |2 slo | |
| 650 | 4 | |a Laravel |2 slo | |
| 650 | 4 | |a webová aplikácia |2 slo | |
| 650 | 4 | |a Vue.js |2 slo | |
| 650 | 4 | |a IoT solution |2 eng | |
| 650 | 4 | |a Laravel |2 eng | |
| 650 | 4 | |a hatching |2 eng | |
| 650 | 4 | |a hatchery |2 eng | |
| 650 | 4 | |a web application |2 eng | |
| 650 | 4 | |a Vue.js |2 eng | |
| 700 | 1 | |a Ťapák, Peter |u 030400 |k Z1 |4 ths |U FEI Fakulta elektrotechniky a informatiky |T FEI Ústav automobilovej mechatroniky |X 3715 |U E400 |Y 642 |7 A000003715 | |
| 856 | 4 | |u https://opac.crzp.sk/?fn=detailBiblioFormChildGN7VV&sid=7E432E204D1F6C32995D8D3802D8&seo=CRZP-detail-kniha | |